| 000 | 00355nam a22001337a 4500 | ||
|---|---|---|---|
| 020 | _a978-81-8481-315-9 | ||
| 082 |
_a300 _bOSW/S |
||
| 100 | _aOSWAAL BOOKS | ||
| 245 |
_aSOLUTIONS AS PER MARKING SCHEME SOCIAL SCIENCE _bCLASS IX |
||
| 260 |
_aAGRA _bOSWAAL BOOKS |
||
| 300 | _a120 | ||
| 650 |
_aQUESTION BANK WITH SOLUTIONS SOCIAL SCIENCE _zINDIA |
||
| 942 | _cBK | ||
| 999 |
_c938 _d938 |
||